Southville International School and Colleges
Your cart is empty.
  • Cart
  • Lists
    Public lists Eva Luna New books Lux_list list_1
    Your lists Log in to create your own lists
  • Log in to your account
  • Your cookies
  • Search history
Southville International School and Colleges
  • Advanced search
  • Recent comments
  • Most popular
  • Libraries

Log in to your account

Log in with GOOGLE


If you do not have an external account, but do have a local account, you can still log in:

  1. Home
  2. MARC view: Markell and Voge's medical parasitology/.
Normal view MARC view ISBD view

Markell and Voge's medical parasitology/. (Record no. 21468)

[ view plain ]
MARC details
000 -LEADER
fixed length control field 00691nam a2200265 a 4500
005 - DATE AND TIME OF LATEST TRANSACTION
control field 20140310183324.0
008 - FIXED-LENGTH DATA ELEMENTS--GENERAL INFORMATION
fixed length control field 060714s19uu xx 00 eng d
020 ## - INTERNATIONAL STANDARD BOOK NUMBER
International Standard Book Number 9812590994
050 ## - LIBRARY OF CONGRESS CALL NUMBER
Classification number RC 119
Item number .M3 2004
100 ## - MAIN ENTRY--PERSONAL NAME
Personal name Markell, Edward K.
245 ## - TITLE STATEMENT
Title Markell and Voge's medical parasitology/.
Statement of responsibility, etc Edward K. Markell.
250 ## - EDITION STATEMENT
Edition statement 8th ed.
260 ## - PUBLICATION, DISTRIBUTION, ETC. (IMPRINT)
Place of publication, distribution, etc Singapore :
Name of publisher, distributor, etc Elsevier PTE LTD,
Date of publication, distribution, etc 2004.
300 ## - PHYSICAL DESCRIPTION
Extent 501 p. :
Dimensions 25 cm.
521 ## - TARGET AUDIENCE NOTE
Target audience note
650 ## - SUBJECT ADDED ENTRY--TOPICAL TERM
Topical term or geographic name as entry element Parasites.
650 ## - SUBJECT ADDED ENTRY--TOPICAL TERM
Topical term or geographic name as entry element Parasitic Diseases.
700 ## - ADDED ENTRY--PERSONAL NAME
Personal name John, David T.
700 ## - ADDED ENTRY--PERSONAL NAME
Personal name Krotoski, Wojciech A.
942 ## - ADDED ENTRY ELEMENTS (KOHA)
Koha item type Books
Source of classification or shelving scheme Library of Congress Classification
Call number prefix Foreign
Holdings
Withdrawn status Lost status Source of classification or shelving scheme Damaged status Home library Current library Shelving location Date acquired Source of acquisition Total Checkouts Full call number Barcode Date last seen Date checked out Copy number Price effective from Koha item type Total Renewals
    Library of Congress Classification   Archives Archives   12/14/2006 Donation 1 RC 119 .M3 2004 C7037 05/15/2018 09/22/2015 1 03/10/2014 Books  
    Library of Congress Classification   Archives Archives   12/12/2013 Donation 2 RC 119 .M3 2004 C7039 05/15/2018 07/22/2016 4 12/12/2013 Books 2
    Library of Congress Classification   Archives Archives   12/12/2013 Donation   RC 119 .M3 2004 C7040 05/15/2018   5 12/12/2013 Books  
    Library of Congress Classification   College Library College Library General Circulation Section 12/12/2013     RC 119 .M3 2004 C7038 05/15/2018   2 12/12/2013 Books  
    Library of Congress Classification   College Library College Library General Circulation Section 12/12/2013   1 RC 119 .M3 2004 C7036 08/15/2018 08/06/2018 3 03/10/2014 Books  
    Library of Congress Classification   Archives College Library   12/12/2013 Donation   RC 119 .M3 2004 C7041 05/15/2018   6 12/12/2013 Books  

Markell and Voge's medical parasitology/.

APA

Markell E. K., John D. T. & Krotoski W. A. (2004). Markell and Voge's medical parasitology. Singapore: Elsevier PTE LTD.

Chicago

Markell Edward K, John David T and Krotoski Wojciech A. 2004. Markell and Voge's medical parasitology. Singapore: Elsevier PTE LTD.

Harvard

Markell E. K., John D. T. and Krotoski W. A. (2004). Markell and Voge's medical parasitology. Singapore: Elsevier PTE LTD.

MLA

Markell Edward K, John David T and Krotoski Wojciech A. Markell and Voge's medical parasitology. Singapore: Elsevier PTE LTD. 2004.

  • Place hold
  • Print
  • Cite
  • Add to your cart (remove)
  • Save record
    BIBTEX Dublin Core MARCXML MARC (non-Unicode/MARC-8) MARC (Unicode/UTF-8) MARC (Unicode/UTF-8, Standard) MODS (XML) RIS
  • More searches
    Search for this title in:
    Other Libraries (WorldCat) Other Databases (Google Scholar) Online Stores (Bookfinder.com) Open Library (openlibrary.org)

Exporting to Dublin Core...

SOUTHVILLE LIBRARY

Southville International School and Colleges Library

1281 Tropical Ave. Cor. Luxembourg St., BF Homes International, Las Pinas City

Tel. No. 8256374 / 252358 Loc. 117/146

Powered by Koha